000
00315 a2200121 4500
000
nam a22 7a 4500
005
20260313124338.0
100
_a
Roussas, George G
_9
1131998
245
_a
Introduction to probability and statistical inference
250
_a
3rd
260
_b
Academic Press
_c
2025
942
_c
AUD
999
_c
1715346
_d
1715346